00716nam a2200145Ia 4500008004100000020001800041100002500059245012100084260003500205650015900240650001400399856004400413999001900457952009400476171212s9999 xx 000 0 und d a9780813536637 aJenkins, Kathleen E. cJenkins, Kathleen E.aAwesome FamiliesbThe Promise of Healing Relationships in the International Churches of Christ bRutgers University Pressc2005 aInternational Churches of Christ; Christian sociology -- International Churches of Christ; Family -- Religious aspects -- International Churches of Christ aSociology uhttp://www.jstor.org/stable/j.ctt5hj239 c352831d352831 001040aCLbCLd2017-12-12l0oBX7990.I685J46 2005r2017-12-12 00:00:00w2017-12-12yCBE